Normal view
MARC view
Entry Personal Name
001 - CONTROL NUMBER
- control field: 12125
003 - CONTROL NUMBER IDENTIFIER
- control field: ARRUPE
005 - DATE AND TIME OF LATEST TRANSACTION
- control field: 20141009180113.0
008 - FIXED-LENGTH DATA ELEMENTS
- fixed length control field: 141009|| aca||aabn | a|a d
040 ## - CATALOGING SOURCE
- Original cataloging agency: ARRUPE
- Transcribing agency: ARRUPE
100 ## - HEADING--PERSONAL NAME
- Personal name: Lambert, Karel,
- Dates associated with a name: 1928-
670 ## - SOURCE DATA FOUND
- Source citation: Work cat.: (ARRUPE)0: Lambert, Karel, 1928-, Meinong and the principle of independence :, 1983.